00487 a2200145 4500001001000000005001700010008004100027245012000068100002200188700002400210700002000234700002100254700002300275773004300298ART_4073820260410161628.0260409a 10aTratamientos alternativos discrecionales previstos en las normas internacionales de información financiera (NIIF)1 aWerbin, Eliana M.1 aQuadro, Martín E.1 aBertoldi, Norma1 aPriotto, Hugo C.1 aVeteri, Liliana J.0 tEnfoquesg- Nº 10 (oct. 2016)wREV416